Atlantic Affection/ (Record no. 195679)
[ view plain ]
| 000 -LEADER | |
|---|---|
| fixed length control field | 00573nam a22001938a 4500 |
| 005 - DATE AND TIME OF LATEST TRANSACTION | |
| control field | 20230417154240.0 |
| 008 - FIXED-LENGTH DATA ELEMENTS--GENERAL INFORMATION | |
| fixed length control field | 090417s2009 ii 000 0 eng |
| 010 ## - LCCN (DPL NO) | |
| LC control number | ENG-136698 |
| 020 ## - INTERNATIONAL STANDARD BOOK NUMBER | |
| International Standard Book Number | 9788125036876 |
| Terms of availability | 375.00 |
| 035 ## - SYSTEM CONTROL NUMBER | |
| System control number | EN-120230 |
| 037 ## - SOURCE OF ACQUISITION | |
| Source of stock number/acquisition | DBAD/PUB |
| 082 ## - DEWEY DECIMAL CLASSIFICATION NUMBER | |
| Classification number | N |
| 100 ## - MAIN ENTRY--PERSONAL NAME | |
| Personal name | Nataraja, Malar |
| 245 ## - TITLE STATEMENT | |
| Title | Atlantic Affection/ |
| Statement of responsibility, etc | by Malar Nataraja |
| 260 ## - PUBLICATION, DISTRIBUTION, ETC. (IMPRINT) | |
| Place of publication, distribution, etc | Chennai |
| Name of publisher, distributor, etc | Emerald |
| Date of publication, distribution, etc | 2019 |
| 270 ## - ADDRESS | |
| Address | 15A, First Floor, Casa Major Road Egmore |
| City | Chennai |
| Postal code | 6000008 |
| Electronic mail address | info@emerladpublishers.com |
| 300 ## - PHYSICAL DESCRIPTION | |
| Extent | 444p.: |
| Dimensions | 18cm(pbk) |
| 942 ## - ADDED ENTRY ELEMENTS (KOHA) | |
| Source of classification or shelving scheme | Dewey Decimal Classification |
| Item type | English Books |
| Classification part | N |
| Call number suffix | NAT |
| Withdrawn status | Lost status | Source of classification or shelving scheme | Damaged status | Not for loan | Collection code | Home library | Current library | Date acquired | Source of acquisition | Cost, normal purchase price | Total Checkouts | Full call number | Barcode | Date last seen | Copy number | Cost, replacement price | Koha item type |
|---|---|---|---|---|---|---|---|---|---|---|---|---|---|---|---|---|---|
| Dewey Decimal Classification | Fiction | Shahdara Branch | Shahdara Branch | 17/04/2023 | DBAD/PUB | 375.00 | 2 | N NAT | EN-120230 | 09/06/2026 | 1 | 375.00 | English Books |
